| 000 | 00944nas a2200301 4500 | ||
|---|---|---|---|
| 001 | BR2013008550 | ||
| 003 | BR-BrBNA | ||
| 005 | 20231205123122.0 | ||
| 007 | ta | ||
| 008 | 230509b bl.|||p| |||| 00| 00por d | ||
| 040 |
_aBR-BrBNA _bpor _cBiblioteca Nacional de Agricultura |
||
| 041 | _a(Pt) | ||
| 072 | _aF30 | ||
| 100 | 1 | _aVittorazzi, C. | |
| 100 | 1 | _aAmaral Júnior, A.T. do | |
| 100 | 1 | _aGonçalves, L.S.A. | |
| 100 | 1 | _aCandido, L.S. | |
| 100 | 1 | _aSilva, T.R. da C. | |
| 245 | 1 | _aSeleção de pré-cultivares de milho-pipoca baseado em índices não-paramétricos | |
| 650 | _aMILHO PIPOCA | ||
| 650 | _aZEA MAYS | ||
| 650 | _aCARACTERÍSTICAS AGRONÔMICAS | ||
| 650 | _aGENÓTIPO | ||
| 650 | _aMELHORAMENTO GENÉTICO VEGETAL | ||
| 773 | 0 |
_tRevista Ciência Agronômica (Brazil) _xISSN 0045-6888 _g(Apr-Jun 2013), v. 44(2) p. 356-362 _wBR2013008550 |
|
| 909 |
_a202311 _bLúcia _c55 _dLúcia Elande |
||
| 942 |
_2AGRIS _n0 _cANA |
||
| 999 |
_c232266 _d232266 |
||